Macedónska republika

Atlas peňazí sveta. Charakteristika Macedónskej republiky: menové informácie, história meny. Motívy macedónskych bankoviek.

Gespeichert in:
Bibliographische Detailangaben
1. Verfasser: Schlosser, Gabriel
Format: Buchkapitel
Sprache:Slowakisch
Schlagworte:
Tags: Tag hinzufügen
Keine Tags, Fügen Sie das erste Tag hinzu!

MARC

LEADER 00000naa a2200000 4500
001 r036084
005 20221129101900.7
041 0 |a slo 
044 |a SK 
245 1 0 |a Macedónska republika  |c Gabriel Schlosser 
520 |a Atlas peňazí sveta. Charakteristika Macedónskej republiky: menové informácie, história meny. Motívy macedónskych bankoviek. 
610 2 0 |a mena 
610 2 0 |a Macedónsko 
610 2 0 |a história 
610 2 0 |a peniaze 
610 2 0 |a bankovky 
610 2 0 |a dinár 
100 1 |a Schlosser, Gabriel